| 000 | 00353nam a2200145Ia 4500 | ||
|---|---|---|---|
| 008 | 230312s9999||||xx |||||||||||||| ||und|| | ||
| 020 | _a1-9047-7275-7 | ||
| 082 |
_a720.19 _bORR-L |
||
| 100 | _aOrrell, Paula | ||
| 245 | 0 | _aLucy + Jorge orta pattern book | |
| 260 |
_bBlack Dog _aLondon _c2007 |
||
| 300 | _a156 | ||
| 650 | _aArchitecture | ||
| 942 | _cBK | ||
| 999 |
_c11591 _d11591 |
||